Osoby zmarłe w 2021 - Statystyki

Ogólne statystyki
  • Ten quiz został rozwiązany 115 razy
  • Średni wynik to 3 z 10
Statystyki odpowiedzi
Opis Osoba % Poprawnych
Najlepszy Niemiecki Napastnik w historii Bundesligi. Gerd Muller
70%
Mąż Królowej Elżbiety. Książe Filip
67%
Przepłynął sam Kajakiemz Afryki do Ameryki Południowej. Aleksander Doba
47%
Wokalista zespołu Trubadurzy. Krzysztof Krawczyk
40%
Autor miedzy innymi "Tytus, Romek i A’Tomek" Henryk Chmielewski
34%
Były lektor Warszawskiej komunikacji miejskiej Tomasz Knapik
33%
Jeden z Zwycięzców mundialu w 1966 z Angliąoraz legenda Tottenhamu. Jimmy Greaves
3%
Były Prezydent Elbląga oraz poseł na sejm VIII I IX kadencji Jerzy Wilk
2%
Zdobywca potrójnej korony aktorstwa .Znany z roli doktora Watsona w filmie Sherlock Holmes Christopher Plummer
0%
Były sędzia międzynarodowy i wpływowa osoba w PZPN. Dobrosław Stec
0%
Nie znaleziono quizów pasujących do podanych kryteriów
Rozkład punktacji
Procent ludzi z każdym wynikiem
Percentyl według liczby udzielonych odpowiedzi
Twoja historia wyników
Nie rozwiązałeś tego quizu